000
00295nam a2200121 a 4500
008
101208s1975|||| d
245
1
0
_a
Košický dóm
044
_a
xo
_c
SK
041
_a
slo
020
_c
69
260
_b
Vychodoslovenské vydavateľstvo
_a
Košice
_c
1975
700
1
_a
Borodáč, L.
999
_c
14879
_d
14879